Advanced Housing/ (Record no. 192509)

MARC details
000 -LEADER
fixed length control field 00558nam a22001817a 4500
005 - DATE AND TIME OF LATEST TRANSACTION
control field 20220926120113.0
010 ## - LCCN (DPL NO)
LC control number ENG-135209
020 ## - INTERNATIONAL STANDARD BOOK NUMBER
Terms of availability 950.00
International Standard Book Number 9789384782061
035 ## - SYSTEM CONTROL NUMBER
System control number EN-118741
037 ## - SOURCE OF ACQUISITION
Source of stock number/acquisition DBAD/PUB
082 ## - DEWEY DECIMAL CLASSIFICATION NUMBER
Edition number 363.5
100 ## - MAIN ENTRY--PERSONAL NAME
Personal name Razia Parvez
245 ## - TITLE STATEMENT
Title Advanced Housing/
Statement of responsibility, etc by Razia Parvez
260 ## - PUBLICATION, DISTRIBUTION, ETC. (IMPRINT)
Place of publication, distribution, etc Delhi
Name of publisher, distributor, etc Disha International Publishing House
Date of publication, distribution, etc 2015
270 ## - ADDRESS
City Delhi
Address F-7,Gali No.1,Ist Floor,Panchsheel garden Ext.Naveen Shahdara,
Postal code 110032
300 ## - PHYSICAL DESCRIPTION
Extent xvii,260p.
Dimensions 22cm(Hb)
942 ## - ADDED ENTRY ELEMENTS (KOHA)
Source of classification or shelving scheme Dewey Decimal Classification
Item type English Books
Classification part 363.5
Call number suffix RAZ
Holdings
Withdrawn status Lost status Not for loan Collection code Home library Current library Date acquired Source of acquisition Cost, normal purchase price Full call number Barcode Copy number Cost, replacement price Koha item type
      Non-fiction Kasturba Gandhi Marg Kasturba Gandhi Marg 26/09/2022 DBAD/PUB 950.00 363.5 RAZ EN-118741 1 950.00 English Books

© Delhi Public Library
Hit Counter
free hit counter